000 00688nam a2200289Ia 4500
005 20260324112149.0
008 008 260324s9999 xx 000 0 eng d
020 _a9781003448884
037 _aEBOOK
040 _aCRL
040 _beng
040 _cCRL
041 _2eng
041 _aeng
084 _qCRL
100 _aOwen Frazer
_91141554
245 0 _aReframing Peace Mediation
245 0 _bOvercoming Negotiation Impasses in El Salvador
260 _bTaylor and Francis
260 _c2024
365 _a
365 _b230
856 _uhttp://www.taylorfrancis.com/books/9781003448884
942 _cEBOOK
999 _c1730663
_d1730663